Detalles MARC
| 000 -CABECERA |
| campo de control de longitud fija |
02164nam a2200337 4500 |
| 001 - NÚMERO DE CONTROL |
| campo de control |
113465 |
| 003 - IDENTIFICADOR DEL NÚMERO DE CONTROL |
| campo de control |
DR-UNIBE |
| 005 - FECHA Y HORA DE LA ÚLTIMA TRANSACCIÓN |
| campo de control |
20250428133212.0 |
| 008 - DATOS DE LONGITUD FIJA--INFORMACIÓN GENERAL |
| campo de control de longitud fija |
250422b2024 dr ||||| |||| 00| 0 spa d |
| 020 ## - NÚMERO INTERNACIONAL ESTÁNDAR DEL LIBRO |
| Número Internacional Estándar del Libro |
9789945251128 |
| 040 ## - FUENTE DE LA CATALOGACIÓN |
| Centro catalogador/agencia de origen |
BIBLIOTECA UNIBE |
| Lengua de catalogación |
spa |
| Centro/agencia transcriptor |
BIBLIOTECA UNIBE |
| Normas de descripción |
rda |
| 041 ## - CÓDIGO DE LENGUA |
| Código de lengua del texto/banda sonora o título independiente |
spa |
| 082 ## - NÚMERO DE LA CLASIFICACIÓN DECIMAL DEWEY |
| Número de edición |
22 |
| Número de clasificación |
RD 972.9302 B972c 2024 |
| 100 10 - ENTRADA PRINCIPAL--NOMBRE DE PERSONA |
| Nombre de persona |
Burset Flores, Luis Rafael, |
| Fechas asociadas al nombre |
1959- |
| Término indicativo de función/relación |
autor |
| 9 (RLIN) |
144551 |
| 245 10 - MENCIÓN DE TÍTULO |
| Título |
Conflictos en las instituciones de poder colonial en el Caribe a través de la correspondencia del licenciado Francisco Manso de Contreras : 1590-1619 / |
| Mención de responsabilidad, etc. |
Luis Rafael Burset Flores ;cuidado de edición : Área de Publicaciones AGN ; diagramación ; Rafael Rolando Delmonte Soriano ; diseño de cubierta : Juan Francisco Domínguez Novas |
| 250 ## - MENCIÓN DE EDICIÓN |
| Mención de edición |
Primera edición |
| 260 ## - PUBLICACIÓN, DISTRIBUCIÓN, ETC. |
| Lugar de publicación, distribución, etc. |
Santo Domingo : |
| Nombre del editor, distribuidor, etc. |
Archivo General de la Nación (AGN) : |
| -- |
Academia Dominicana de la Historia, |
| Fecha de publicación, distribución, etc. |
2024 |
| 300 ## - DESCRIPCIÓN FÍSICA |
| Extensión |
571 páginas : |
| Otras características físicas |
tablas, mapas, figuras ; |
| Dimensiones |
24 x 17 cm |
| 490 ## - MENCIÓN DE SERIE |
| Mención de serie |
Archivo General de la Nación ; |
| Designación de volumen o secuencia |
518 |
| 490 ## - MENCIÓN DE SERIE |
| Mención de serie |
Academia Dominicana de la Historia ; |
| Designación de volumen o secuencia |
169 |
| 500 ## - NOTA GENERAL |
| Nota general |
Informacion del autor y de Francisco Manso de Contreras en las solapas |
| 505 ## - NOTA DE CONTENIDO CON FORMATO |
| Nota de contenido con formato |
Prefacio |<br/>Presentación del licenciado Francisco Manso de Contreras |<br/>Las instituciones gubernativas en las Indias |<br/>Los conceptos de servicio y paz |<br/>Las cartas |<br/>Breve análisis de las cartas del licenciado Mando de Contreras |<br/>Transcripción de cartas, mercedes y documentos |<br/>Tablas |<br/> Mapas |<br/>Figuras |<br/>Bibliografía |<br/>Índice onomástico |
| 600 #7 - PUNTO DE ACCESO ADICIONAL DE MATERIA--NOMBRE DE PERSONA |
| Nombre de persona |
Manso de Contreras, Francisco, |
| Fechas asociadas al nombre |
1555-1619 |
| 9 (RLIN) |
194436 |
| Subdivisión general |
Correspondencia |
| 650 #7 - PUNTO DE ACCESO ADICIONAL DE MATERIA--TÉRMINO DE MATERIA |
| Fuente del encabezamiento o término |
lemb |
| Término de materia o nombre geográfico como elemento de entrada |
Real Audiencia de Santo Domingo |
| Subdivisión general |
Gobierno colonial español |
| 9 (RLIN) |
194615 |
| 650 #7 - PUNTO DE ACCESO ADICIONAL DE MATERIA--TÉRMINO DE MATERIA |
| Fuente del encabezamiento o término |
lemb |
| Término de materia o nombre geográfico como elemento de entrada |
Real Audiencia de Panamá |
| Subdivisión general |
Gobierno colonial español |
| 9 (RLIN) |
194616 |
| 650 #7 - PUNTO DE ACCESO ADICIONAL DE MATERIA--TÉRMINO DE MATERIA |
| Fuente del encabezamiento o término |
lemb |
| Término de materia o nombre geográfico como elemento de entrada |
Gobierno colonial español |
| Subdivisión general |
Historia |
| Subdivisión cronológica |
1590-1620 |
| 9 (RLIN) |
194617 |
| 700 10 - PUNTO DE ACCESO ADICIONAL--NOMBRE DE PERSONA |
| Nombre de persona |
Delmonte Soriano, Rafael Rolando |
| 9 (RLIN) |
182119 |
| Término indicativo de función/relación |
diagramador |
| 700 10 - PUNTO DE ACCESO ADICIONAL--NOMBRE DE PERSONA |
| Nombre de persona |
Domínguez Novas, Juan Francisco |
| 9 (RLIN) |
127336 |
| Término indicativo de función/relación |
diseñador de cubierta |
| 710 10 - PUNTO DE ACCESO ADICIONAL--NOMBRE DE ENTIDAD CORPORATIVA |
| Nombre de entidad corporativa o nombre de jurisdicción como elemento de entrada |
Archivo General de la Nación (AGN) |
| Unidad subordinada |
Área de publicaciones |
| 9 (RLIN) |
194325 |
| Término indicativo de función/relación |
cuidado de edición |
| 942 ## - ELEMENTOS DE PUNTO DE ACCESO ADICIONAL (KOHA) |
| Fuente del sistema de clasificación o colocación |
Sistema de Clasificación Decimal Dewey |
| Tipo de ítem Koha |
Libro (general) |